00455nam a22001817a 45000050016000000100014000160200010000300350013000400370013000530820011000661000018000772450053000952600039001482700033001873000022002206500015002426500016002572010081004564.0 aENG-99235 c50.00 aEN-82767 bDBAD/PUB a954.01 aPushparaj, G. aHistoriography and historians /cby G. Pushparaj aNagercoil bRaj Publicationsc2006 aKurusadybNagercoil e629004 a128p.c20cm (pbk) aHistorians aHistography